I congreso colombiano de botánica: (Registro nro. 16642)

Detalles MARC
000 -CABECERA
Campo de control 005240000a22001810004500
005 - FECHA Y HORA DE LA ULTIMA TRANSACCION
Campo de control 20170213160009.0
008 - ELEMENTOS DE LONGITUD FIJA—INFORMACION GENERAL
Campo de control 170207b xxu||||| |||| 00| 0 spa d
020 ## - ISBN
ISBN 9588051843
040 ## - FUENTE DE CATALOGACIÓN
Agencia catalogadora original CO-BoIAVH
Agencia transcriptora CO-BoIAVH
041 ## - IDIOMA
Código de idioma para texto/pista de sonido o título separado Español
090 ## - CLASIFICACIÓN LOCAL
Colección MM
Consecutivo 00257
111 2# - ASIENTO PRINCIPAL--NOMBRE DE REUNION
Nombre de reunión o de jurisdicción como elemento de entrada Congreso Colombiano de Botánica
Lugar de la reunión Bogotá
Fecha de la reunión abril 26-30, 1999
Número de la parte/sección/reunión 1
245 10 - MENCION DE TITULO
Título I congreso colombiano de botánica:
Parte restante del título memorias
257 ## - PAIS DE LA ENTIDAD PRODUCTORA DE FILMES DE ARCHIVO
País de la entidad productora Colombia
300 ## - DESCRIPCION FISICA
Extensión CD-ROM
Otros detalles físicos 1
700 1# - ASIENTO SECUNDARIO - NOMBRE PERSONAL
Nombre personal Aguirre C., Jaime
Key for music Editoria
942 ## - ELEMENTOS ADICIONALES (KOHA)
Tipo de ítem CD-ROM
Sistema de clasificación Local
Existencias
Withdrawn status Lost status Sistema de Clasificación Damaged status No para préstamo Colección Ubicación Permanente Ubicación actual Fecha de adquisición Total Checkouts Número topográfico Inventario / Código de Barras Date last seen Ejemplar Price effective from Tipo de material
    Local     Audiovisual Bogotá Bogotá 07/02/2017   MM-00257 014200 25/03/2015 Ej.1 25/03/2015 CD-ROM